| 000 | 00824cab a22002055a 4500 | ||
|---|---|---|---|
| 001 | L159266 | ||
| 008 | 160415e2016 xxk 000 0 eng d | ||
| 035 | _a(Sirsi) u159266 | ||
| 041 | 0 | _aeng | |
| 245 | 0 | 0 |
_aLone working _bPart 2 No room for complacency |
| 260 | _c2016 | ||
| 490 |
_aLetting Update Journal _v23(4) April 2016, 18-20(3) |
||
| 520 | _aPart 2 of a two part series of articles looks at the risk of lone working from the employee's point of view. Includes two case studies highlighting the difficulties agency employees can find themselves in including being accused of theft and open to blackmail and being accused of sexual harassessment. | ||
| 590 | _aKA | ||
| 650 | 2 | 4 | _aLONE WORKING |
| 650 | 2 | 4 | _aRISK ASSESSMENT |
| 651 | 4 |
_aUnited Kingdom _y |
|
| 690 |
_aHealth and safety _96244 |
||
| 942 |
_n0 _2ddc |
||
| 999 |
_c84856 _d84856 |
||